Normal view
MARC view
- Choudhuri, Samiran.Dr Chowdhury, S. P.Dr Chowdhury, Sunetra
Entry Personal Name
001 - CONTROL NUMBER
- control field: 76172
003 - CONTROL NUMBER IDENTIFIER
- control field: NUST
005 - DATE AND TIME OF LATEST TRANSACTION
- control field: 20210628205607.0
008 - FIXED-LENGTH DATA ELEMENTS
- fixed length control field: 210628|| aca||aabn | a|a d
040 ## - CATALOGING SOURCE
- Original cataloging agency: NUST
- Transcribing agency: NUST
100 ## - HEADING--PERSONAL NAME
- Personal name: Choudhuri, Samiran.Dr Chowdhury, S. P.Dr Chowdhury, Sunetra
670 ## - SOURCE DATA FOUND
- Source citation: Work cat.: (NUST): Choudhuri, Samiran.Dr Chowdhury, S. P.Dr Chowdhury, Sunetra, Electrical engineering computations by computer graphics aided basic programming, 1997
